banner-ar

رجال بلا نساء : عشر قصص قصيرة / (Record no. 39903)

MARC details
000 -الفاتح
حقل البيانات ثابتة الطول 00659nam a2200205Ia 4500
008 - عناصر البيانات ثابتة الطول - معلومات عامة
حقل البيانات ثابتة الطول 140319s9999 xx 000 0 ara d
040 ## - مصدر الفهرسة
وكالة الفهرسة الأصلية GCL /
وكالة النسخ GCL
082 04 - رقم تصنيف ديوى العشرى
رقم التصنيف 823
رقم المادة هـ ر
100 1# - المدخل الرئيسى - إسم شخصى
الإسم الشخصى هيمنجواى ,ارنست
245 10 - بيان العنوان
العنوان رجال بلا نساء : عشر قصص قصيرة /
بيان المسئوليه,etc هيمنجواى ,ارنست
700 1# - المدخل الاضافى - اسم شخصى
الإسم الشخصى عطية القوصى (مترجم)
300 ## - الوصف المادى
التعداد 101ص ؛
أبعاد الوعاء 24سم
490 ## - بيان السلسلة
عنوان السلسلة من الشرق والغرب
رقم المجلد/ التعيين التسلسلي 0
650 04 - المدخل الاضافى بالموضوع-مصطلح موضوعى
مصطلح موضوعي القصص القصيرة
650 04 - المدخل الاضافى بالموضوع-مصطلح موضوعى
مصطلح موضوعي الادب الانجليزى
650 04 - المدخل الاضافى بالموضوع-مصطلح موضوعى
مصطلح موضوعي الادب - مجموعات
650 04 - المدخل الاضافى بالموضوع-مصطلح موضوعى
مصطلح موضوعي همنجواى, ارنست
942 ## - عناصر المدخل الإضافي( كوها)
مصدر التصنيف او مخطط الترفيف Dewey Decimal Classification
Koha [default] item type كتاب
Holdings
حالة التراجع حالة الفقد حالة تلف ليس للاعارة المكان المؤقت الموقع الحالى تاريخ الاكتساب اجمالي اﻻعارات رقم الطلب الباركود تاريخ اخر مشاهدة تاريخ تفعيل السعر نوع وعاء كوها
        مكتبة القاهرة الكبرى مكتبة القاهرة الكبرى 03/26/2014   823\هـ ر 97208 03/26/2014 03/26/2014 كتاب
        مكتبة القاهرة الكبرى مكتبة القاهرة الكبرى 03/26/2014   823\هـ ر 97209 03/26/2014 03/26/2014 كتاب
        مكتبة القاهرة الكبرى مكتبة القاهرة الكبرى 03/26/2014   823\هـ ر 97210 03/26/2014 03/26/2014 كتاب

Powered By

EGPV